| 000 | 01950nam a22002657a 4500 | ||
|---|---|---|---|
| 999 |
_c1477 _d1477 |
||
| 003 | OSt | ||
| 005 | 20191009215302.0 | ||
| 008 | 170814b xxu||||| |||| 00| 0 esp d | ||
| 040 |
_cDO-SdBJH _aDO-SdBJH _bspa |
||
| 090 |
_aTG AAFFM _b01009 2015 |
||
| 100 | 1 |
_aCornelio Farías, Danny Ferrer _esustentante |
|
| 245 | 1 | 0 |
_aPropuesta de modernización de la Fuerza Aérea de República Dominicana (2016-2020): Análisis diagnóstico de la Dirección de Operaciones Aéreas (A-3) / _c Danny Ferrer Cornelio Farías, Laury de Jesús Barrera Hernández, asesores Gabriel Martínez Santana, Tebi Enrique Rodríguez Hernández |
| 260 |
_aSanto Domingo Este : _bINSUDE, _c2015 |
||
| 300 | _axiv, 34 páginas, ilustraciones-tablas-gráficos | ||
| 502 | _aTrabajo de grado (Licenciatura en Ciencias Aeronáuticas) -- Instituto Superior para la Defensa (INSUDE). -- Academia Aérea Gral. De Brigada Piloto Frank Andrés Feliz Miranda, 2015. | ||
| 504 | _aIncluye referencias bibliográficas e índices | ||
| 505 | _aAntecedentes operacional de la Dirección de operaciones Aéreas (A-3) Fuerza Aérea de República Dominicana. -- Aspectos generales a modernizar de la Dirección de Operaciones Aéreas (A-3) Fuerza Aérea de República Dominicana. -- Propuesta de modernización de la Fuerza Aérea de República Dominicana (2016-2020): Análisis diagnostico de la Dirección de Operación Aéreas (A-3) | ||
| 650 | 4 | _aAnálisis de la Dirección de Operaciones Aéreas (A-3) -- Modernización (propuesta) | |
| 651 | 4 | _aRepública Dominicana. Fuerza Aérea -- Dirección de Operaciones Aéreas | |
| 700 | 1 |
_aBarrera Hernández, Laury de Jesús _esustentante |
|
| 700 | 1 |
_aMartínez Santana, Gabriel _easesor |
|
| 700 | 1 |
_aRodríguez Hernández, Tebi Enrique _easesor |
|
| 830 | _aINSUDE. Academia Aérea Gral. De Brig. Pil. Frank Andrés Feliz Miranda. Tesis y disertaciones académicas | ||
| 942 |
_2CL _cT |
||